01066nam a2200229Ia 4500003000900000008004100009020001800050040001600068080002300084111014700107245023800254260004200492300001500534650004100549650001900590650003000609700003200639700003200671942000700703999001500710952011100725IN-BaIIA211028s9999 xx 000 0 eng d a90-277-2187-4 cIIA Library a52(082.1)bASS-122 aWorkshop of the Advanced School of Astronomy of the "Ettore Majorana" Centre for Scientific Culturen4thcErice, Italyd1985 Mar. 12-22914683 0aSpectral Evolution of Galaxiesbproceedings of the fourth Workshop of the Advanced School of Astronomy of the "Ettore Majorana" Centre for Scientific Culture, Erice, Italy, March 12-22, 1985cedited by Cesare Chiosi and Alvio Renzini aDordrechtbD. Reidel Publishingc1986 axii, 490p. aAstronomy and Astrophysics Thesaurus aGalaxies91286 aSpectral Evolution914684 aChiosi, Cesare., ed.913595 aRenzini, Alvio., ed.911645 cBK c8741d8741 00104070aBANbBANcGENd1986-06-25l0o52(082.1)/ ASS-122p9616r2021-11-05w1986-06-25yBKGDFL 190.00